Lanean...

Viroids and viroid diseases /

Xehetasun bibliografikoak
Egile nagusia: Diener, T. O.
Formatua: Printed Book
Hizkuntza:English
Argitaratua: New York : John Wiley, 1979.
Gaiak:
LEADER 00486nam a2200145Ia 4500
008 160121b xxu||||| |||| 00| 0 eng d
020 |c USD 22.95 
082 |a 616  |2 23 
100 |a Diener, T. O. 
245 |a Viroids and viroid diseases /  |c  T. O. Diener 
260 |a New York :  |b John Wiley,  |c 1979. 
653 |a Diseases 
942 |c BK 
999 |c 122910  |d 122910 
952 |0 0  |1 0  |4 0  |6 616_000000000000000_DIE_V  |7 0  |9 136051  |a LIF  |b LIF  |c ST1  |d 2009-08-02  |i 665  |l 0  |o 616 DIE/V  |p LIF665  |r 2009-08-02  |w 2009-08-02  |y BK